Normal view
MARC view
Entry Personal Name
001 - CONTROL NUMBER
- control field: 1131616
003 - CONTROL NUMBER IDENTIFIER
- control field: OSt
005 - DATE AND TIME OF LATEST TRANSACTION
- control field: 20260311104020.0
008 - FIXED-LENGTH DATA ELEMENTS
- fixed length control field: 260311|| aca||aabn | a|a d
040 ## - CATALOGING SOURCE
- Original cataloging agency: OSt
- Transcribing agency: OSt
100 ## - HEADING--PERSONAL NAME
- Personal name: ਹੀਰਾ ਸਿੰਘ
670 ## - SOURCE DATA FOUND
- Source citation: Work cat.: (OSt)386635: ਹੀਰਾ ਸਿੰਘ, ਕਰਮ ਸਿੰਘ ਹਿਸਟੋਰੀਅਨ ਦੀ ਇਤਿਹਾਸਕ ਖੋਜ, 1964
